| 000 | 00397nam a2200157 a 4500 | ||
|---|---|---|---|
| 005 | 20140412111308.0 | ||
| 008 | 001118s19uu xx 00 eng d | ||
| 020 | _a1-56987-053-5 | ||
| 050 |
_aER _bIn2 1993 |
||
| 245 | _aIncredible dinosaur to look at. | ||
| 300 | _a1 v. (unp.) ; col. ; ill. | ||
| 440 | _aShare-A-Book | ||
| 650 | _aDinosurs | ||
| 650 | _aStories in Rhyme | ||
| 999 |
_c103842 _d103842 |
||